000 01186nam2a2200253 4500
001 RU\NLR\bibl\1252422
005 20250615124256.0
010 _a978-5-901841-52-4
_9620
021 _aRU
_b2008-39690
_92188
035 _a(NLR Aleph) 001238492
090 _a243639
_c243639
100 _a20080714d2008 |||y0rusy50 ca
101 0 _arus
102 _aRU
105 _aa |||||||||
200 0 _a1913-1917
210 _d2008
_aБ. м.
215 _a158, [1] с.
_cфакс.
320 _aУказатели: имен, лиц, изображ. на портретах, усадеб и окрест. столицы, предм.-темат.: с. 123-159
461 0 _1001RU\NLR\bibl\1291095
_12001#$aСтолица и усадьба$v1913-1917
_9473600
_cСанкт-Петербург
_d2008
_fсост. Ф.М. Лурье
_nКоло
_oхронологическая роспись содержания : [аннотированный хронологический указатель содержания журнала "Столица и усадьба"]
_tСтолица и усадьба
_v1913-1917
801 0 _aRU
_bNLR
_c20080714
_gRCR
801 1 _aRU
_bNLR
_c20080714
942 _cBOOK
980 _aNB